Statistics for SUPER CARS BY HEADLIGHTS

Click here to take the quiz!

General Stats

  • This quiz has been taken 711 times
  • The average score is 13 of 15

Answer Stats

Answer% Correct
Lamborghini
99%
BMW
97%
Audi
96%
Mclaren
95%
Tesla
95%
Bugatti
93%
Ferrari
93%
Mercedes
92%
Nissan
88%
Porsche
87%
Aston Martin
83%
Corvette
80%
Koenigsegg
79%
Jaguar
72%
Alfa Romeo
47%

Score Distribution

Percentile by Number Answered

Percent of People with Each Score

Your Score History

You have not taken this quiz